[Event "EICC 2017"]
[Site "Minsk"]
[Date "2017.06.05"]
[Round "6"]
[White "Sjugirov, Sanan"]
[Black "Dastan, Muhammed Batuhan"]
[Result "1-0"]
[WhiteElo "2654"]
[BlackElo "2519"]
[Annotator "TA"]
[PlyCount "59"]
[EventDate "2017.??.??"]
[EventCountry "BLR"]
[SourceTitle "playchess.com"]
[Source "ChessBase"]
[SourceQuality "1"]

{[%evp 19,59,28,16,10,22,0,13,0,0,0,48,42,44,47,58,78,127,120,132,120,135,135,122,130,150,142,159,145,127,114,187,187,196,185,643,643,608,504,598,404,1140,971]} 1. d4 d5 2. c4 c6 3. Nf3 Nf6 4. e3 Bf5 5. Nc3 a6 6. Bd2 {D15: Slav Defence: 4 Nc3 a6 and gambit lines after 4 Nc3 dxc4} e6 7. Qb3 Ra7 8. Nh4 Be4 9. cxd5 cxd5 10. f3 Bg6 $1 {LiveBook: 8 Games} 11. Nxg6 hxg6 12. O-O-O Nc6 13. Kb1 Be7 {[#]} 14. Rc1 $146 O-O 15. Na4 Nd7 16. Qd1 e5 17. h4 {[%cal Bh2h4,Bh4h5,Bh5h6,Bh6h7][%mdl 32]} Ra8 18. h5 g5 19. h6 {And now dxe5 would win.} g6 20. h7+ Kg7 21. Qb3 Rb8 22. dxe5 Ndxe5 {[#]} 23. Nb6 $1 {[%cal Rb6d5]} d4 24. Nd5 Bd6 (24... Kh8 $16 25. Be2 Qd7) 25. exd4 $18 Nxd4 26. Qe3 $36 {[%mdl 2048] White is really pushing.} Ne6 $2 (26... Nf5 27. Qxg5 f6 28. h8=Q+ (28. Qf4 Kh8 $18) 28... Rxh8 29. Rxh8 fxg5 30. Rxd8 Rxd8) 27. Bc3 f6 28. Rd1 Bc7 29. Bb4 Bd6 {[#]} (29... Kh8 $142 30. Be7 Qe8) 30. Nxf6 $1 {[%mdl 512] Precision: White = 89%, Black = 45%.} 1-0

[Event "EICC 2017"]
[Site "Minsk"]
[Date "2017.06.05"]
[Round "6"]
[White "Khismatullin, Denis"]
[Black "Chigaev, Maksim"]
[Result "1-0"]
[WhiteElo "2651"]
[BlackElo "2559"]
[Annotator "TA"]
[PlyCount "111"]
[EventDate "2017.??.??"]
[EventCountry "BLR"]
[SourceTitle "playchess.com"]
[Source "ChessBase"]
[SourceQuality "1"]

{[%evp 15,111,16,26,6,0,6,4,-8,-1,2,22,4,-4,-43,0,-10,-23,-14,-7,-22,31,29,23,19,22,20,21,35,25,-57,0,0,48,50,53,11,13,8,5,4,49,48,82,0,0,0,36,37,35,33,36,36,36,36,45,45,33,38,43,43,32,32,42,50,156,130,159,151,170,165,166,168,196,200,1067,1066,1232,1232,1232,1153,1232,1225,744,733,12464,9722,2400,8,4618,4614,6395,5089,4618,5077,11339,4622,4618,4618]} 1. Nf3 Nf6 2. c4 b6 3. d4 {[%cal Bd2d4,Bd4d5][%mdl 32]} Bb7 4. g3 g6 5. Bg2 Bg7 6. O-O O-O 7. d5 Ne4 {A50: Queen's Fianchetto Defence (1 d4 Nf6 2 c4 b6)} 8. Qc2 f5 {LiveBook: 30 Games} 9. Nfd2 Nd6 {The position is equal.} 10. Nc3 Na6 $146 {[%cal Bb8a6,Ba6b4,Bb4d3][%mdl 32]} ({Predecessor:} 10... c6 11. e4 cxd5 12. exd5 Na6 13. a4 e6 14. Nb5 Nxb5 15. axb5 {½-½ (103) Radovanovic,J (2298)-Berczes,D (2550) Zalakaros 2012}) 11. e4 e6 12. exf5 gxf5 13. Rb1 Nb4 14. Qd1 (14. Qb3 $5 {[%cal Rb3b4]} c5 15. a3 $11) 14... Nd3 15. Nb3 Nxc1 16. Rxc1 e5 17. c5 bxc5 (17... Nf7 $11) 18. Nxc5 $14 Bc8 19. b4 Rb8 {[%cal Ba8b8,Bb8b6,Bb6f6,Bf6f3,Bf3a3][%mdl 32]} 20. a3 a6 21. Re1 e4 22. g4 (22. Kh1 $11) 22... Kh8 (22... Bh6 $1 $15) 23. gxf5 $11 Nxf5 (23... e3 $5) 24. N3xe4 Rb6 25. Ng3 Nh4 $1 26. Rc4 Nxg2 27. Kxg2 Rbf6 28. Re2 Rf3 29. Qc2 (29. Qd2 $16) 29... Rxa3 30. f4 Qf6 31. Nce4 $1 {[%csl LRc7,LRf6]} Qxf4 {( -> ...Qf3+)} 32. Rf2 $40 {[%mdl 128] White attacks.} Rf3 33. Rxc7 Rxf2+ 34. Nxf2 Qf3+ $1 35. Kf1 Bb7 $1 36. Rxb7 Bd4 $1 {[%cal Rd4f2]} 37. Rxd7 {[%csl Gd7][%cal Rc2h7]} Qxf2+ 38. Qxf2 Rxf2+ $14 {[%mdl 4096] Endgame KRB-KRN} 39. Ke1 {And now d6 would win.} Rf8 (39... Kg8 $14) 40. Ke2 Be5 41. Kd3 Rb8 42. Kc4 {Ne4 is the strong threat.} Rc8+ {[#]} 43. Kb3 $1 Rc3+ 44. Ka4 Bxg3 $2 (44... Kg8 45. Ra7 Rd3 46. Rxa6 Kg7) 45. hxg3 $18 Rxg3 {KR-KR} 46. Ka5 h5 47. Kxa6 h4 48. Rf7 h3 49. Rf1 Rg6+ 50. Kb7 Kg7 51. b5 $2 ({White should try} 51. Rh1 $18 Rg4 52. Rxh3 Rxb4+ 53. Kc7 Rc4+ 54. Kd7) 51... h2 $2 {[%mdl 8192]} (51... Rd6 $11) 52. Rh1 {White is clearly winning.} Rg2 53. b6 {[%cal Bb5b6,Bb6b7][%mdl 32]} Kf6 54. Kc7 Rc2+ 55. Kd6 (55. Kd7 $142 Rb2 56. d6) 55... Rb2 {[#]} 56. b7 $1 {[%mdl 512] Precision: White = 58%, Black = 41%.} 1-0

[Event "EICC 2017"]
[Site "Minsk"]
[Date "2017.06.05"]
[Round "6"]
[White "Swiercz, Dariusz"]
[Black "Nguyen, Thai Dai Van"]
[Result "1-0"]
[WhiteElo "2649"]
[BlackElo "2461"]
[Annotator "TA"]
[PlyCount "69"]
[EventDate "2017.??.??"]
[EventCountry "BLR"]
[SourceTitle "playchess.com"]
[Source "ChessBase"]
[SourceQuality "1"]

{[%evp 11,69,11,11,16,11,13,31,27,20,26,28,16,35,34,35,29,9,-64,-56,-66,-66,-81,-21,-43,24,13,44,56,83,91,101,140,129,107,179,164,410,442,406,433,502,464,506,449,453,414,583,596,598,548,748,745,1318,1297,1296,1276,1224,885,1300,1292]} 1. Nf3 Nf6 2. c4 e6 3. Nc3 Bb4 4. Qc2 O-O 5. a3 Bxc3 6. Qxc3 d6 7. b4 {A17: English Opening: 1...Nf6 with ...Bb4} e5 (7... a5 8. Bb2 e5 9. e3 b6 10. Be2 axb4 11. axb4 Rxa1+ 12. Bxa1 c5 13. b5 Re8 14. d3 Nbd7 {½-½ (29) Cheparinov,I (2687)-Almasi,Z (2688) Varadero 2016}) 8. e3 Nc6 9. Bb2 {White is slightly better.} e4 $146 ({Predecessor:} 9... Bg4 10. Be2 e4 11. Nd4 Bxe2 12. Nxc6 Qd7 13. Ne7+ Qxe7 14. Kxe2 {0-1 (45) Percivaldi,M (2361)-Kelires,A (2483) Prague 2016}) 10. Nd4 Ne5 11. Be2 b6 12. f4 exf3 $1 13. gxf3 c5 14. Nb3 (14. Nb5 $11) 14... Bb7 $15 15. Rf1 Re8 16. O-O-O cxb4 ({Better is} 16... d5 $17 17. d3 Ng6) 17. axb4 $11 Rc8 (17... a5 $15) 18. Kb1 Ba6 {[%cal Ra6c4]} 19. d3 b5 {[%cal Rb5c4] [#]} 20. c5 $1 Ned7 21. e4 dxc5 22. bxc5 ({Don't take} 22. Nxc5 $6 Nxc5 23. bxc5 b4 $14) 22... Qe7 (22... b4 $16 {was called for.} 23. Qxb4 Rb8) 23. Rc1 $18 Rc7 $2 (23... b4 {was worth a try.} 24. Qxb4 Rc7) 24. Qa5 $1 {[%csl LRa6,LRc7]} Nb8 25. Rg1 Rec8 26. d4 {[%cal Bd3d4,Bd4d5][%mdl 32]} Nxe4 27. fxe4 Qxe4+ 28. Rc2 Bb7 (28... f6 {keeps fighting.} 29. Re1 Nc6) 29. d5 {White is clearly winning.} f6 30. Qc3 {[#] Black must now prevent Qxf6.} Nd7 31. c6 Ne5 32. Nc5 Qxd5 33. cxb7 Rxb7 34. Rd1 Qf7 35. Nxb7 {Precision: White = 90%, Black = 38%.} 1-0

[Event "EICC 2017"]
[Site "Minsk"]
[Date "2017.06.05"]
[Round "6"]
[White "Sutovsky, Emil"]
[Black "Sadzikowski, Daniel"]
[Result "1-0"]
[WhiteElo "2646"]
[BlackElo "2548"]
[Annotator "TA"]
[PlyCount "75"]
[EventDate "2017.??.??"]
[EventCountry "BLR"]
[SourceTitle "playchess.com"]
[Source "ChessBase"]
[SourceQuality "1"]

{[%evp 25,75,23,20,26,41,25,50,35,54,57,79,86,83,87,135,135,134,140,136,129,138,136,131,147,137,130,335,336,323,321,347,344,348,333,346,341,341,337,324,317,291,177,177,181,364,376,547,511,1732,1664,1319,1110]} 1. e4 e5 2. Nf3 Nc6 3. Bb5 a6 4. Ba4 Nf6 5. O-O Be7 6. Re1 b5 7. Bb3 d6 8. c3 O-O 9. h3 Na5 10. Bc2 c5 11. d4 Nd7 12. a4 Bb7 {C96: Closed Ruy Lopez: Chigorin Defence: 11 d4, replies other than 11...Qc7} 13. d5 Qc7 {LiveBook: 4 Games} (13... b4 14. b3 bxc3 15. Nxc3 Rb8 16. Bd2 Bc8 17. Nb1 g6 18. Bh6 Re8 19. Na3 Rb4 20. Bd2 {½-½ (48) Shankland,S (2666)-Xiong,J (2674) Saint Louis 2017}) 14. b4 Nc4 {White has an edge.} 15. Nfd2 $146 ({Predecessor:} 15. a5 h6 16. g4 Rfe8 17. Bd3 Nf6 18. Ra2 {1-0 (53) Frick,R (2067)-Bezler,R (2282) Triesen 2010}) 15... Nxd2 16. Bxd2 bxa4 17. Bxa4 c4 18. Bxd7 Qxd7 19. Na3 Rac8 20. Qe2 $1 Qc7 21. b5 f5 22. Reb1 fxe4 23. Qxe4 axb5 24. Be3 $1 Qd7 25. Nxb5 Qe6 $2 {[#]} (25... Ra8 $16 26. Ra7 Rxa7 27. Nxa7 Ra8) 26. Nc7 $1 $18 {[%cal Rc7e6]} (26. dxe6 Bxe4 27. Rd1 Ra8 $14) (26. Qxh7+ Kxh7 27. dxe6 Be4 $16) 26... Rxc7 27. Rxb7 $1 (27. dxe6 $2 Bxe4 28. Rb6 Bd5 $19) 27... Qd7 {[#]} 28. Rxc7 $1 Qxc7 29. Ra7 Qd8 30. Qg4 (30. Qxc4 Bf6 $18) 30... Kh8 31. Rd7 ({Less strong is} 31. Qxc4 Bg5 $18) 31... Qe8 32. Qe6 Bf6 33. Qxe8 ({Much less strong is} 33. Rxd6 $6 Qxe6 34. dxe6 (34. Rxe6 Kg8 $18) 34... h6 $18) 33... Rxe8 34. Rxd6 e4 $2 (34... Kg8 35. Kf1 Rb8) 35. Rc6 Bxc3 (35... h5 {was called for.} 36. Rxc4 h4) 36. Bb6 {White is clearly winning.} Bf6 {[#]} (36... Bb4 $142 37. d6 Bxd6 38. Rxd6 Rc8) 37. Rxf6 $1 {[%mdl 512]} gxf6 38. d6 {Precision: White = 96%, Black = 36%.} 1-0

[Event "EICC 2017"]
[Site "Minsk"]
[Date "2017.06.05"]
[Round "6"]
[White "Zhigalko, Sergei"]
[Black "Paichadze, Luka"]
[Result "1/2-1/2"]
[WhiteElo "2643"]
[BlackElo "2568"]
[Annotator "TA"]
[PlyCount "90"]
[EventDate "2017.??.??"]
[EventCountry "BLR"]
[SourceTitle "playchess.com"]
[Source "ChessBase"]
[SourceQuality "1"]

{[%evp 16,90,25,12,10,2,11,8,12,11,25,37,25,23,49,41,59,54,54,54,54,54,54,54,54,54,58,60,60,47,49,32,32,32,29,32,67,57,82,14,18,8,9,18,217,209,306,258,293,258,266,275,314,81,92,85,114,92,91,92,183,0,45,0,191,0,0,0,0,0,0,0,0,0,0,0,0]} 1. e4 c6 2. d4 d5 3. e5 c5 4. dxc5 Nc6 5. Nf3 Bg4 6. c3 {B12: Caro-Kann: Advance Variation} e6 7. Be3 (7. b4 a6 8. Nbd2 Nxe5 9. Qa4+ Nd7 10. Ne5 Ngf6 11. c4 a5 12. Nb3 axb4 13. Qb5 Be7 {0-1 (53) Topalov,V (2760)-Nakamura,H (2779) London 2016}) 7... a6 8. Nbd2 Nxe5 9. Be2 {LiveBook: 9 Games} Nc6 10. h3 Bxf3 11. Nxf3 Nf6 12. b4 Be7 $146 ({Predecessor:} 12... Ne4 13. Qb3 Be7 {0-1 (59) Dragnev,V (2339)-Hawkins,J (2554) Vienna 2015}) 13. O-O O-O 14. Rc1 Nd7 15. a4 Nde5 16. Nxe5 Nxe5 17. c4 Nxc4 18. Bxc4 dxc4 19. Rxc4 Qxd1 20. Rxd1 Rfd8 21. Rxd8+ Rxd8 $14 {[%mdl 4096] Endgame KRB-KRB} 22. Kf1 Kf8 23. b5 axb5 24. axb5 Ke8 25. Ke2 f6 26. Ra4 Rd5 27. Ra7 (27. Ra8+ $16 Kd7 28. Rg8) 27... Bxc5 $11 28. Bxc5 Rxc5 29. Rxb7 {KR-KR} Kf8 $2 (29... h5 $11 {and Black is okay.}) 30. Kd3 $18 e5 (30... h5 {was worth a try.} 31. b6 Rc6 32. Rb8+ Kf7) 31. b6 Rc6 32. g4 Kg8 33. Ke4 Rd6 34. Kf5 $2 (34. h4 $18 {is the precise move to win.}) 34... g6+ $16 35. Ke4 {[#] g5 is the strong threat.} h6 36. h4 {Hoping for h5.} Rd4+ 37. Ke3 Rd6 {[#]} (37... Rb4 $16 38. Rb8+ Kg7) 38. Ke4 (38. f3 $1 $18) 38... Rd4+ $14 39. Ke3 (39. Kf3 $14 Rb4 40. Rb8+ Kg7 41. b7) 39... Rd6 $1 $18 40. f4 $2 ({Better is} 40. f3 $18) 40... exf4+ $11 {The position is equal.} 41. Kxf4 {And now Ke4 would win.} Rd4+ 42. Ke3 Rb4 $1 43. h5 gxh5 44. gxh5 f5 45. Kf3 Kh8 {Precision: White = 57%, Black = 56%.} 1/2-1/2

[Event "EICC 2017"]
[Site "Minsk"]
[Date "2017.06.05"]
[Round "6"]
[White "Lenic, Luka"]
[Black "Petrosyan, Manuel"]
[Result "1/2-1/2"]
[WhiteElo "2641"]
[BlackElo "2546"]
[Annotator "TA"]
[PlyCount "85"]
[EventDate "2017.??.??"]
[EventCountry "BLR"]
[SourceTitle "playchess.com"]
[Source "ChessBase"]
[SourceQuality "1"]

{[%evp 22,85,7,13,11,4,25,31,39,43,25,25,16,7,47,62,45,22,41,0,0,0,0,0,15,-8,0,0,92,99,99,108,141,121,118,23,27,0,61,50,176,0,216,62,153,51,126,135,187,182,214,220,201,38,32,12,35,25,25,35,139,0,0,0,0,0]} 1. d4 Nf6 2. c4 e6 3. Nf3 d5 4. Nc3 Bb4 5. e3 O-O 6. Bd3 b6 7. O-O c5 8. cxd5 exd5 {[%cal Be6d5,Bd5d4][%mdl 32]} 9. dxc5 bxc5 10. Ne2 {E53: Nimzo-Indian: Rubinstein: Main Line (4...0-0 5 Nf3 d5 6 Bd3 c5 7 0-0)} (10. Bd2 Nc6 11. a3 Ba5 12. Rc1 Bg4 13. h3 Bh5 14. Ne2 Bxf3 15. gxf3 Ne5 16. Bxa5 Nxf3+ 17. Kg2 Nh4+ {0-1 (51) Mamedyarov,S (2736)-Tomashevsky,E (2758) Berlin 2015}) 10... Nc6 11. b3 Bg4 12. Bb2 {LiveBook: 4 Games} d4 13. Ng3 Nd5 {[#]} 14. h3 $146 {[%cal Bh2h3,Bh3g4][%mdl 32]} ({Predecessor:} 14. exd4 Nxd4 15. Bxd4 cxd4 16. Bc4 Bc3 17. Rc1 Nf4 18. h3 Be6 19. Ne2 Bxc4 20. bxc4 {½-½ (20) Tarjan,J (2510)-Barle,J (2425) Maribor 1978}) 14... Bc3 $1 {Hoping for ...Bxf3.} 15. hxg4 Bxb2 16. Rb1 Ba3 17. exd4 Nc3 18. Bxh7+ Kh8 19. Qd3 (19. Qc2 $5 {[%cal Rc2c3]} Nxb1 20. Be4 Nxd4 21. Nxd4 cxd4 22. Bxa8 $14) 19... Nxb1 20. Be4 Nxd4 21. Rxb1 Rc8 22. Ne5 Qg5 23. Nc4 $132 {[%mdl 2048] White is not keeping still} Bc1 24. Nf5 Nxf5 (24... g6 $11 25. Nxd4 cxd4) 25. Bxf5 $16 (25. gxf5 Rcd8 $17) 25... Rc6 26. Ne5 {[%mdl 1024] White has strong compensation.} Rf6 ({Don't blunder} 26... Rh6 $2 27. Nf3 $18) 27. Nf3 Qh6 28. Qc3 (28. Qc4 $16 Be3 29. Re1 (29. fxe3 Qxe3+ 30. Kh2 Qf2 $16)) 28... Bf4 $11 29. Re1 Rc6 ({Black should try} 29... Kg8 $11) 30. Qc4 $1 $14 {g3 is the strong threat.} Kg8 (30... g6 $14 31. Bd7 Rd6) 31. Bc2 $2 (31. g3 $1 $18 {[%cal Rg3f4]} Bc7 32. g5) 31... g6 $2 {[#]} (31... Rf6 $11 {and Black stays safe.}) 32. g3 $2 ({White has to play} 32. g5 $1 $18 {[%cal Rg5h6][%mdl 512]} Bxg5 33. Qd5) 32... Bd6 (32... Bb8 $14) 33. Kg2 (33. Qd5 $16 Rb6 34. Kg2) 33... Qg7 ({Better is} 33... Rd8 $1 $14) 34. Qd5 $1 $16 {[%cal Rd5c6]} Rfc8 {[#]} (34... Rb6 $16) 35. Bd3 $1 $18 {[%cal Bc2d3,Bd3c4,Bc4d5][%mdl 32]} Bf8 {[%cal Bd6f8,Bf8g7,Bg7d4][%mdl 32]} 36. Bc4 R6c7 {intending ...Qf6.} 37. Ng5 $2 (37. Re4 $18) 37... Qf6 $1 $14 38. Ne4 Qc6 $1 39. Qg5 {And now Bd5 would win.} Bg7 40. Bd5 Qa6 {[#]} (40... Qb6 $1 $14) 41. Qf4 (41. Rd1 $1 $16) 41... Rd7 $11 42. Rd1 Bd4 ({Not} 42... Qxa2 $2 43. Be6 $16) 43. Bc4 {Precision: White = 35%, Black = 39%.} 1/2-1/2

[Event "EICC 2017"]
[Site "Minsk"]
[Date "2017.06.05"]
[Round "6"]
[White "Edouard, Romain"]
[Black "Theodorou, Nikolas"]
[Result "1-0"]
[WhiteElo "2640"]
[BlackElo "2495"]
[Annotator "TA"]
[PlyCount "63"]
[EventDate "2017.??.??"]
[EventCountry "BLR"]
[SourceTitle "playchess.com"]
[Source "ChessBase"]
[SourceQuality "1"]

{[%evp 14,63,58,56,84,54,54,61,76,75,91,51,75,72,80,80,86,91,91,47,54,50,51,49,72,64,81,55,109,100,103,65,138,142,137,147,143,139,247,191,325,316,568,565,545,514,558,546,719,704,715,699]} 1. d4 Nf6 2. c4 d6 3. Nc3 g6 4. e4 Bg7 5. Nge2 O-O 6. Ng3 h5 7. Be2 {E70: King's Indian: Miscellaneous lines with 4 e4, including 5 Nge2 and 5 Bd3 0-0 6 Nge2} c5 (7... a6 8. O-O c5 9. d5 e5 10. Bg5 Qe8 11. Qd2 Nh7 12. Bh6 h4 13. Nh1 Qe7 14. Bxg7 Kxg7 {½-½ (40) Bologan,V (2670)-Mamedov,R (2641) Rhodes 2013}) 8. d5 $1 {LiveBook: 11 Games} Nbd7 9. a4 $146 {White is better.} ({Predecessor:} 9. h3 a6 10. a4 Qc7 11. O-O b6 12. f4 Bb7 13. Bd3 Rae8 14. e5 dxe5 15. f5 {1-0 (77) Arkhipov,S (2480)-Khokhlova,D (2204) Sochi 2016}) 9... Re8 10. O-O h4 11. Nh1 e6 12. Bg5 h3 13. dxe6 Rxe6 14. gxh3 Nf8 15. Ng3 Re8 16. Bg4 N8h7 17. Be3 (17. Bxf6 $5 Nxf6 18. Bxc8 Qxc8 19. Kg2 $14) 17... Nxg4 18. hxg4 Qh4 19. f3 (19. Qxd6 Bxg4 20. f4 (20. Qxc5 $2 Bxc3 21. f3 Be5 $19) 20... Bh3 $15) 19... Be6 20. Qd3 ({Reject} 20. Qxd6 Bxc4 21. Rfd1 (21. Qxc5 Rac8 $17) 21... Ng5 $15) 20... Ng5 (20... Be5 $14) 21. Kh1 $16 Nh3 22. Nb5 {Strongly threatening Nc7.} Rad8 ({Better is} 22... Re7 $14) 23. Nc7 ({Weaker is} 23. Nxd6 Be5 $15) 23... Re7 24. Nxe6 Rxe6 25. Qe2 Rde8 (25... Ng5 $16 {was necessary.} 26. Qd2 Bf6) 26. Rad1 Qf6 (26... Ng5 {keeps fighting.} 27. b3 Nh7) 27. f4 $18 Rxe4 $2 {[#]} (27... b6 28. g5 Qxb2) 28. Nxe4 {White is clearly winning.} Rxe4 29. Qf3 Qe6 30. Bc1 ({Less strong is} 30. Qxh3 Rxe3 31. Qg2 Qxc4 $16) 30... f5 31. Qxh3 fxg4 32. Qg2 {Precision: White = 82%, Black = 33%.} 1-0

[Event "EICC 2017"]
[Site "Minsk"]
[Date "2017.06.05"]
[Round "6"]
[White "Oleksiyenko, Mykhaylo"]
[Black "Meskovs, Nikita"]
[Result "1-0"]
[WhiteElo "2636"]
[BlackElo "2504"]
[Annotator "TA"]
[PlyCount "69"]
[EventDate "2017.??.??"]
[EventCountry "BLR"]
[SourceTitle "playchess.com"]
[Source "ChessBase"]
[SourceQuality "1"]

{[%evp 32,69,35,27,44,47,56,42,73,69,113,105,120,84,92,54,76,45,66,54,193,188,177,103,89,95,136,127,178,158,214,182,416,414,421,416,499,381,577,564]} 1. e4 c5 2. Nf3 e6 3. d4 cxd4 4. Nxd4 Nc6 5. Nc3 Qc7 6. Be2 a6 7. O-O Nf6 8. Be3 {[%cal Bc1e3,Be3d4,Bd4e5][%mdl 32]} Bb4 9. Na4 Be7 10. Nxc6 bxc6 11. Nb6 Rb8 12. Nxc8 Qxc8 13. Bd4 c5 14. Be5 Rb6 15. b3 {B49: Sicilian: Taimanov: 5 Nc3 Qc7 6 Be3 a6 7 Be2} (15. Qd3 d6 16. Bc3 O-O 17. Rad1 Qc6 18. e5 Nd5 19. Bf3 c4 20. Qd2 dxe5 21. Bxe5 Rd8 22. b3 Rb5 23. bxc4 Qxc4 {1-0 (88) Ponomariov,R (2709)-Neiksans,A (2631) Tallinn 2016}) 15... d6 16. Bb2 O-O 17. Qd3 {LiveBook: 40 Games. White is slightly better.} Qc6 18. e5 dxe5 19. Bxe5 Nd7 {[#]} 20. Bg3 $146 ({Predecessor:} 20. Bf4 e5 21. Rad1 exf4 22. Qxd7 Qf6 23. Qa7 f3 24. Bxf3 {1-0 (56) Gallagher,J (2558)-Kamber,B (2370) Switzerland 2000}) 20... Rd8 21. Rad1 h6 22. Bf3 Qc8 23. Qc3 {Hoping for Qa5.} Rb4 24. a3 $36 {[%mdl 2048] White has the initiative.} Bf6 25. Qe3 Bd4 ({Black should try} 25... Rd4 $14) 26. Qe1 $18 Rb6 {[#]} 27. c3 (27. a4 $1 $18) 27... Bf6 $16 28. b4 Nf8 29. Qe3 Rxd1 (29... Nd7 $16 {was worth a try.} 30. h3 Bg5) 30. Rxd1 $18 Be7 (30... Nd7 $16 31. h3 a5) 31. a4 {[%cal Ba3a4,Ba4a5][%mdl 32]} Nd7 $2 (31... e5 {is a better defense.} 32. Qxe5 (32. Bxe5 Ng6 $16) 32... Qe8 33. bxc5 Re6) 32. a5 Rb5 {[#]} 33. Be2 $1 {[%cal Re2b5]} c4 34. Qe4 Bf6 (34... Nf6 $142 35. Qxc4 Qe8) 35. Qxc4 {Precision: White = 64%, Black = 22%.} 1-0

[Event "EICC 2017"]
[Site "Minsk"]
[Date "2017.06.05"]
[Round "6"]
[White "Savchenko, Boris"]
[Black "Galliamova, Alisa"]
[Result "0-1"]
[WhiteElo "2634"]
[BlackElo "2456"]
[Annotator "TA"]
[PlyCount "110"]
[EventDate "2017.??.??"]
[EventCountry "BLR"]
[SourceTitle "playchess.com"]
[Source "ChessBase"]
[SourceQuality "1"]

{[%evp 13,110,21,22,21,24,0,0,0,21,0,12,9,22,0,0,7,6,16,27,25,15,-6,51,41,39,20,70,22,60,68,66,52,59,22,30,30,29,21,15,31,32,0,0,0,0,-22,-15,-70,-70,-70,-72,-82,-48,-85,-83,-66,-48,-48,-48,-53,-57,-54,-54,-360,-322,-612,-587,-605,-593,-582,-588,-572,-555,-478,-389,-692,-683,-593,-501,-690,-550,-572,-555,-452,-436,-683,-674,-654,-622,-612,-563,-5816,-11950,-12838,-12839,-12841,-12830,-12831,-12831]} 1. e4 e5 2. Nf3 Nc6 3. Bb5 g6 4. d4 exd4 5. Bg5 Be7 6. Bxe7 Qxe7 7. O-O Nf6 {LiveBook: 39 Games} 8. Re1 {C60: Ruy Lopez: Unusual Black 3rd moves and 3...g6} O-O 9. Bxc6 dxc6 10. Qxd4 {The position is equal.} Bg4 11. Nbd2 $146 {[#] aiming for e5.} (11. Qe5 $5 {[%cal Re5e7]} Rae8 12. Qxe7 Rxe7 13. Nfd2 $11) ({Predecessor:} 11. Qe5 Rfe8 12. Qxe7 Rxe7 13. Nfd2 Rd8 14. f3 Bc8 15. Nf1 Nh5 {1-0 (95) Nijboer,F (2571)-Govciyan,P (2368) Asnieres sur Seine 2006}) 11... c5 (11... Nd7 {looks sharper.} 12. Qe3 Bxf3 13. Nxf3 Ne5 14. Nxe5 Qxe5 15. c3 Rfe8) 12. Qe3 Rfe8 13. h3 Bxf3 $1 14. Nxf3 Rad8 {[%cal Rf6e4]} 15. e5 Nd5 16. Qb3 c6 17. a4 a5 ({Black should try} 17... b6 $11) 18. Re4 $14 Nb4 19. Rae1 Kg7 20. Kh2 Rd5 21. R1e2 h6 22. Qe3 b6 23. Rh4 Rh8 24. g3 Rd1 25. Rd2 Rxd2 26. Qxd2 Qe6 27. c4 (27. c3 $5 {[%cal Rc3b4]} Nd5 28. c4 $11) 27... Qf5 $1 {[%cal Rf5f3]} 28. Rf4 Qd3 29. Qe1 {[#] e6 is the strong threat.} (29. Rf6 $5 {[%cal Rd2f4]} Qxd2 30. Nxd2 $11) 29... Re8 (29... g5 $5 {[%cal Rg5f4]} 30. Rf6 Qxc4 $15) 30. h4 ({White should play} 30. Kg2 $11) 30... Qc2 $15 {Strongly threatening ...Nd3.} 31. Qe3 Nd3 $1 {[%cal Rd3f4]} (31... Qxa4 32. Qd2 $18) 32. Ne1 Nxe1 33. Qxe1 Qxb2 $17 {[%mdl 4096] Endgame KQR-KQR} 34. Re4 h5 35. Kg2 Re6 $36 {[%mdl 2048] Black is more active.} 36. Qe3 Qa1 37. Qe2 $1 Qxa4 {Threatens to win with ...Qa1.} 38. g4 $2 {[%mdl 8192]} ({White must play} 38. Rf4 $15) 38... hxg4 $19 39. Qd2 $2 (39. Rxg4 Qa1 40. f4) 39... Qb3 40. Rxg4 Rxe5 41. Rf4 Qb1 42. Qc3 Qe1 43. Qf3 Re7 44. Rf6 $2 (44. h5) 44... Qe5 {Black is clearly winning.} 45. Rxc6 Re6 46. Rc8 Qe4 47. Rc7 Qxf3+ 48. Kxf3 {KR-KR} Rd6 49. Ke3 (49. Rb7 $142) 49... Rd4 50. Rc6 Rxh4 51. Rxb6 Rxc4 52. f4 a4 53. Ra6 Rb4 54. Rc6 Rb3+ 55. Ke4 f5+ {Precision: White = 43%, Black = 63%.} 0-1